Espejismo y realidad (Record no. 7021)

MARC details
000 -CABECERA
campo de control de longitud fija 00688nam a2200193 a 4500
001 - NÚMERO DE CONTROL
campo de control BRCA_7345
005 - FECHA Y HORA DE LA ÚLTIMA TRANSACCIÓN
campo de control 20190320205813.0
008 - DATOS DE LONGITUD FIJA--INFORMACIÓN GENERAL
campo de control de longitud fija 250113s2012----mx-a######---#000-0#spa-#
020 ## - NÚMERO INTERNACIONAL ESTÁNDAR DEL LIBRO
Número Internacional Estándar del Libro 9786079590123
041 ## - CÓDIGO DE LENGUA
Código de lengua del texto/banda sonora o título independiente spa
050 #4 - SIGNATURA TOPOGRÁFICA DE LA BIBLIOTECA DEL CONGRESO
Número de documento/Ítem H47 2012
100 1# - ENTRADA PRINCIPAL--NOMBRE DE PERSONA
Nombre de persona Hernández Sáenz, Luz María
9 (RLIN) 18161
245 10 - MENCIÓN DE TÍTULO
Título Espejismo y realidad
Resto del título Maximiliano y el diario del Imperio, 1865-1867
Mención de responsabilidad, etc. Luz María Hernández Sáenz.
260 ## - PUBLICACIÓN, DISTRIBUCIÓN, ETC.
Lugar de publicación, distribución, etc. México
Nombre del editor, distribuidor, etc. Secretaría de Gobernación ; AGN-México
Fecha de publicación, distribución, etc. 2012
300 ## - DESCRIPCIÓN FÍSICA
Extensión 158 p.
Otras características físicas il. (algunas a color), 10 h. plegables
Dimensiones 31 cm.
Material acompañante/anejo 1 DVD
500 ## - NOTA GENERAL
Nota general Incluye referencias de las imágenes
500 ## - NOTA GENERAL
Nota general 2do. ejemplar en el Área de Investigación
942 ## - ELEMENTOS DE PUNTO DE ACCESO ADICIONAL (KOHA)
Fuente del sistema de clasificación o colocación Library of Congress Classification
Tipo de ítem Koha Libros
Holdings
Estado de retiro Estado de pérdida Estado dañado No para préstamo Localización permanente Ubicación/localización actual Fecha de adquisición Total de préstamos Signatura topográfica completa Código de barras Fecha visto por última vez Precio válido a partir de Tipo de ítem Koha Código de colección
El ejemplar forma parte de la colección y puede ser consultado según las políticas vigentes.       Biblioteca del Museo Franz Mayer (Rogerio Casas-Alatriste) Biblioteca del Museo Franz Mayer (Rogerio Casas-Alatriste) 25/01/2013   H47 2012 02720 22/03/2019 22/03/2019 Libros  
El ejemplar forma parte de la colección y puede ser consultado según las políticas vigentes.       Biblioteca del Museo Franz Mayer (Rogerio Casas-Alatriste) Biblioteca del Museo Franz Mayer (Rogerio Casas-Alatriste) 13/03/2013   H47 2012 02721 22/03/2019 22/03/2019 Libros Acervo General